10 Most Populous Cities in New Hampshire - Statistics

General Stats
  • This quiz has been taken 32 times
  • The average score is 7 of 10
Answer Stats
Population City % Correct
44,825 Concord
100%
115,462 Manchester
100%
90,937 Nashua
93%
22,980 Portsmouth
82%
33,721 Dover
61%
23,163 Derry
54%
30,663 Salem
54%
33,853 Rochester
50%
31,403 Merrimack
43%
23,668 Bedford
36%
No matching quizzes found
Score Distribution
Percent of People with Each Score
Percentile by Number Answered
Your Score History
You have not taken this quiz